Radca v doprave a službách Slovenská republika

Saved in:
Bibliographic Details
Format: Book
Language:Slovak
Published: Žiar nad Hronom ALLDATA SLOVAKIA [1994]
Edition:1. vyd.
Subjects:
Tags: Add Tag
No Tags, Be the first to tag this record!

MARC

LEADER 00000nam a2200000 4500
001 c005443
005 20221128073735.8
041 0 |a slo 
044 |a SK 
245 1 0 |a Radca v doprave a službách  |b Slovenská republika 
250 |a 1. vyd. 
264 1 |a Žiar nad Hronom  |b ALLDATA SLOVAKIA  |c [1994] 
300 |a 96 s. 
610 2 0 |a doprava 
610 2 0 |a firmy 
610 2 0 |a služby